Regionálne dopady globálnej ekonomickej krízy v SR (prípadová štúdia) bakalárska práca

Gespeichert in:
Bibliographische Detailangaben
1. Verfasser: Lalíková, Kristína
Körperschaft: Národohospodárska fakulta EU. Katedra verejnej správy a regionálneho rozvoja
Weitere Verfasser: Rehák, Štefan, 1974-
Format: Buch
Sprache:Slowakisch
Veröffentlicht: Bratislava 2011
Tags: Tag hinzufügen
Keine Tags, Fügen Sie das erste Tag hinzu!

MARC

LEADER 00000nbm a2200000 4500
001 0152049
005 20120605131201.0
041 0 |a slo 
044 |a SK 
245 1 0 |a Regionálne dopady globálnej ekonomickej krízy v SR (prípadová štúdia)  |b bakalárska práca  |c Kristína Lalíková ; školiteľ: Štefan Rehák 
264 1 |a Bratislava  |c 2011 
300 |a 44 s. 
100 1 |a Lalíková, Kristína 
700 1 |a Rehák, Štefan, 1974- 
710 2 |a Národohospodárska fakulta EU. Katedra verejnej správy a regionálneho rozvoja